header

Seeds of empire (Record no. 130995)

MARC details
000 -LEADER
fixed length control field 01783nam a2200421 a 4500
082 04 - DEWEY DECIMAL CLASSIFICATION NUMBER
Classification number 508.93
100 1# - MAIN ENTRY--AUTHOR NAME
Personal name Brooking, Tom,
245 10 - TITLE STATEMENT
Title Seeds of empire
260 ## - PUBLICATION, DISTRIBUTION, ETC. (IMPRINT)
Place of publication London ;
-- New York, N.Y. :
Name of publisher I. B. Tauris,
Year of publication 2011.
300 ## - PHYSICAL DESCRIPTION
Number of Pages xx, 276 p. :
Other physical details ill., maps.
490 1# - SERIES STATEMENT
Series statement Environmental history and global change series ;
650 #0 - SUBJECT ADDED ENTRY--TOPICAL TERM
Topical Term Natural history
Topical Term Landscapes
Topical Term Grasslands
Topical Term Deforestation
Topical Term Nature
Topical Term Human geography
700 1# - ADDED ENTRY--PERSONAL NAME
Personal name Pawson, Eric.
Personal name Star, Paul.
856 40 - ELECTRONIC LOCATION AND ACCESS
Uniform Resource Identifier http://site.ebrary.com/lib/rucke/Doc?id=10462202

No items available.

© 2026 Rongo University
Contact us: librarian | system librarian | Rongo university